<?xml version="1.0" encoding="UTF-8"?>
<marc:record xmlns:marc="http://www.loc.gov/MARC21/slim">
   <marc:leader>00000nam a2200000 a 4500</marc:leader>
   <marc:datafield ind1="1" ind2=" " tag="100">
      <marc:subfield code="a">Mojang AB &amp; Mojang AB &amp; Huett &amp; Hill &amp; Batson, Caleb Zane &amp;. Chris &amp;. Alan</marc:subfield>
      <marc:subfield code="4">aut</marc:subfield>
      <marc:subfield code="e">Verfasser/-in</marc:subfield>
   </marc:datafield>
   <marc:datafield ind1=" " ind2=" " tag="653">
      <marc:subfield code="a">Kinderbücher bis 11-Jahre</marc:subfield>
   </marc:datafield>
   <marc:datafield ind1="0" ind2="0" tag="245">
      <marc:subfield code="a">Minecraft Erste Leseabenteuer. Angriff im Nether</marc:subfield>
   </marc:datafield>
   <marc:datafield ind1="0" ind2="0" tag="245">
      <marc:subfield code="b">Offizielle Minecraft-Geschichte | Abenteuer trifft auf Humor | Viele Bilder und kurze Texte für Leseanfänger</marc:subfield>
   </marc:datafield>
   <marc:datafield ind1=" " ind2="1" tag="264">
      <marc:subfield code="b">Schneiderbuch</marc:subfield>
      <marc:subfield code="c">2025</marc:subfield>
   </marc:datafield>
   <marc:datafield ind1="1" ind2=" " tag="490">
      <marc:subfield code="a">Die Ironsword-Akademie</marc:subfield>
   </marc:datafield>
   <marc:datafield ind1="1" ind2=" " tag="520">
      <marc:subfield code="a">Ein neues Abenteuer in der Minecraft-Welt!
Während Morton, Ally und der Rest des Minecraft-Teams den Schulalltag an der Ironsword-Akademie zu meistern versuchen, begibt sich ihr neuer Freund Emjo ganz allein auf den Weg in den dunklen Nether. Doch dann wird er von einem Skelett verfolgt, und weil der Großteil des Teams zum Nachsitzen verdonnert wurde, liegt es an Ally, ihren Gefährten im gefährlichen Nether zu retten.</marc:subfield>
   </marc:datafield>
   <marc:datafield ind1=" " ind2=" " tag="020">
      <marc:subfield code="a">9783505153167</marc:subfield>
      <marc:subfield code="9">9783505153167</marc:subfield>
   </marc:datafield>
</marc:record>
